Представление документа в формате RUSMARC

ПолеНазваниеЗначение
  Тип записи a
  Библиографический уровень m
001 Контрольный номер 40648d9d10b94ecb8491ba0b31e172a4
005 Дата корректировки 20190711101428.1
010 Индекс ISBN __
d Цена подарочная
101 Язык документа 0_
a Язык текста rus
102 Страна публикации __
a Страна публикации RU
200 Заглавие и сведения об ответственности 1_
a Заглавие Психология и конфликтология
b Общее обозначение материала Текст
h Номер части в 2 ч.
i Наименование части Ч. 1
e Сведения, относящиеся к заглавию Учебное пособие
f Первые сведения об ответственности П.В. Новиков; Саран. кооп. ин-т РУК
210 Выходные данные 1_
a Место издания Саранск
c Издательство Принт-Издат
d Дата издания 2017
215 Физическое описание __
a Объем 168с.
610 Ключевые слова 0_
a Ключевые слова психология
a Ключевые слова конфликтология
a Ключевые слова психология деятельности
a Ключевые слова психические процессы
686 Индексы других классификаций __
a Классификационный индекс 88
700 Автор _1
a Фамилия Новиков П. В.
801 Источник записи _0
a Страна RU
b Организация РУК
g Правила каталогизации PSBO
801 Источник записи _1
a Страна RU
b Организация РУК
g Правила каталогизации PSBO
852 Данные о местонахождении __
i Авторский знак Н 73
j Шифр хранения 88
901 Тип документа __
t Тип документа m
937 Технологическая информация __
a Создатель записи (имя) Носкова
938 Служебная информация __
a Название организации Саранский филиал
952 Тип литературы __
c Вид литературы учебное пособие